Polarographie und Voltammetrie in der Spurenanalytik /
Uložené v:
| Hlavní autori: | , |
|---|---|
| Médium: | Kniha |
| Vydavateľské údaje: |
Heidelberg :
Dr. Alfred Hüthig Verlag,
1985
|
| Tagy: |
Žiadne tagy, Buďte prvý, kto otaguje tento záznam!
|
MARC
| LEADER | 00000nam a22000003a 4500 | ||
|---|---|---|---|
| 001 | stu15275 | ||
| 005 | 20150617225757.5 | ||
| 008 | ------s1985----gw----------------------d | ||
| 040 | |a STU |b slo | ||
| 041 | 0 | ||
| 044 | |a gw | ||
| 080 | |a 543.253 | ||
| 100 | 1 | |a Rach, Peter |4 aut | |
| 245 | 1 | |a Polarographie und Voltammetrie in der Spurenanalytik / |c [aut.]Rach,Peter, Seiler,Hans | |
| 260 | |a Heidelberg : |b Dr. Alfred Hüthig Verlag, |c 1985 | ||
| 300 | |a 10/99 s | ||
| 700 | 1 | |a Seiler, Hans |4 aut | |
| 996 | |b 284C018069 |c C*79816 |l CCI |s A |a 24 |w stu15275_0001 | ||